MyGZULibrary

Reflections on gender issues in Africa / (Record no. 3736)

MARC details
000 -LEADER
fixed length control field 01360cam a2200385 a 4500
001 - CONTROL NUMBER
control field 11834254
003 - CONTROL NUMBER IDENTIFIER
control field GZU
005 - DATE AND TIME OF LATEST TRANSACTION
control field 20201210101246.0
008 - FIXED-LENGTH DATA ELEMENTS--GENERAL INFORMATION
fixed length control field 990908s1999 rh b 001 0 eng
010 ## - LIBRARY OF CONGRESS CONTROL NUMBER
LC control number 99892363
020 ## - INTERNATIONAL STANDARD BOOK NUMBER
International Standard Book Number 1779050844
035 ## - SYSTEM CONTROL NUMBER
System control number (DLC) 99892363
040 ## - CATALOGING SOURCE
Original cataloging agency DLC
Transcribing agency DLC
Modifying agency DLC
042 ## - AUTHENTICATION CODE
Authentication code lcode
043 ## - GEOGRAPHIC AREA CODE
Geographic area code f------
050 00 - LIBRARY OF CONGRESS CALL NUMBER
Classification number HQ1784
Item number ABR 1999
245 00 - TITLE STATEMENT
Title Reflections on gender issues in Africa /
Statement of responsibility, etc. Keshia Nicole Abraham ... [et al.] ; Patricia McFadden (ed.).
260 ## - PUBLICATION, DISTRIBUTION, ETC.
Place of publication, distribution, etc. Mt. Pleasant, Harare :
Name of publisher, distributor, etc. SAPES Books,
Date of publication, distribution, etc. 1999.
300 ## - PHYSICAL DESCRIPTION
Extent 111 p. ;
Dimensions 21 cm.
440 #0 - SERIES STATEMENT/ADDED ENTRY--TITLE
Title Gender series
500 ## - GENERAL NOTE
General note "SAPES Trust"--P. [4] of cover.
500 ## - GENERAL NOTE
General note "Southern African Regional Institute for Policy Studies"--Ser. t.p.
504 ## - BIBLIOGRAPHY, ETC. NOTE
Bibliography, etc. note Includes bibliographical references and indexes.
650 #0 - SUBJECT ADDED ENTRY--TOPICAL TERM
Topical term or geographic name entry element Women
Geographic subdivision Africa
General subdivision Social conditions.
650 #0 - SUBJECT ADDED ENTRY--TOPICAL TERM
Topical term or geographic name entry element Women
Geographic subdivision Africa
General subdivision Economic conditions.
650 #0 - SUBJECT ADDED ENTRY--TOPICAL TERM
Topical term or geographic name entry element Sex role
Geographic subdivision Africa.
650 #0 - SUBJECT ADDED ENTRY--TOPICAL TERM
Topical term or geographic name entry element Feminist theory
Geographic subdivision Africa.
700 1# - ADDED ENTRY--PERSONAL NAME
Personal name Abraham, Keshia Nicole.
700 1# - ADDED ENTRY--PERSONAL NAME
Personal name McFadden, Patricia.
710 2# - ADDED ENTRY--CORPORATE NAME
Corporate name or jurisdiction name as entry element SAPES Trust.
710 2# - ADDED ENTRY--CORPORATE NAME
Corporate name or jurisdiction name as entry element Southern Africa Regional Institute for Policy Studies.
906 ## - LOCAL DATA ELEMENT F, LDF (RLIN)
a 7
b cbc
c origode
d 3
e ncip
f 19
g y-gencatlg
942 ## - ADDED ENTRY ELEMENTS (KOHA)
Source of classification or shelving scheme Library of Congress Classification
Koha item type Books
Classification part 1784
Item part ABR
Call number prefix HQ
Holdings
Withdrawn status Lost status Damaged status Not for loan Collection code Home library Current library Shelving location Date acquired Inventory number Total Checkouts Full call number Barcode Date last seen Copy number Price effective from Koha item type
        Non-fiction City Campus Library City Campus Library General Stacks 12/10/2020 17622   HQ 1784 ABR 1999 006466 12/10/2020 c.1 12/10/2020 Books
        Non-fiction City Campus Library City Campus Library General Stacks 04/15/2021 2571   HQ 1784 ABR 1999 B017843 04/15/2021 c.2 04/15/2021 Books
        Non-fiction City Campus Library City Campus Library General Stacks 04/15/2021 4926   HQ 1784 ABR 1999 G22905 04/15/2021 c.3 04/15/2021 Books
        Non-fiction City Campus Library City Campus Library General Stacks 04/15/2021 17621   HQ 1784 ABR 1999 006471 04/15/2021 c.4 04/15/2021 Books